| 000 | 01580nam0a2200373 4500 | ||
|---|---|---|---|
| 001 | RU\NLR\BIBL_A\011656282 | ||
| 005 | 20260608063129.0 | ||
| 010 |
_a978-5-93898-616-9 _91000 |
||
| 021 |
_aRU _bКН-П-18-009918 _9КН-П-18-0690 |
||
| 035 | _a(NLR Aleph) 011656282 | ||
| 035 | _a(RuMoRGB)009541221 | ||
| 090 |
_a11156829 _c11156829 |
||
| 100 | _a20180314d2017 u y0rusy50 ca | ||
| 101 | 0 | _arus | |
| 102 | _aRU | ||
| 105 | _aac||z|||000ay | ||
| 200 | 1 |
_aИстория любовная _eроман _fИван Шмелёв _g[статьи Е.А. Осьмининой, Н.П. Голенкевич _gил. А.К. Петрова] |
|
| 210 |
_aСанкт-Петербург _cВита Нова _d2017 |
||
| 215 |
_a558, [1] с. _cил., цв. ил., портр. _d25 |
||
| 225 | 1 | _aРукописи | |
| 333 | _a16+ | ||
| 600 | 1 |
_aПетров _bА. К. _f1957 _gАлександр Константинович _92132593 _3RU\NLR\AUTH\661590503 |
|
| 686 |
_aШ5(2=Р)53-644 _2rubbk |
||
| 686 | 1 | _aЩ143(2Р=Рус)7-8Петров | |
| 686 | 1 | _aЩ374.3(2Р)7-85Петров | |
| 686 | 2 | _aШ6(2=Р)6-4 | |
| 700 | 1 |
_8rus _7ca _aШмелев _bИ. С. _f1873-1950 _gИван Сергеевич _3RU\NLR\AUTH\7711385 _9121132 |
|
| 702 | 1 |
_4440 _7ca _8rus _aПетров _bА. К. _cхудожник, аниматор _f1957- _gАлександр Константинович _945520 _3RU\NLR\AUTH\7762590 |
|
| 942 | _cBOOK | ||
| 980 | _aNBR | ||
| 980 | _aNB | ||